000 00584nam a2200217Ia 4500
003 OSt
005 20230511142059.0
008 210423s2012 xx 000 0 und d
020 _a9781405181730
040 _cAL
041 _aeng
082 _a574.87322 BROT
_223
100 _aBROWN (T A).
_9103162
245 _aGene cloning and DNA analysis: an introduction.
250 _a6
260 _aSouthern Gate
_bJohn Wiley & Sons
_c2012
300 _axvi,320
_bPB
365 _b4127.05
_cINR
906 _aan ; analysis: ; cloning ; DNA ; Gene ; introduction.
942 _2ddc
_cBK
999 _c164625
_d164625